Colours On The Flag Of Antigua and Barbuda - Statistics

General Stats
  • This quiz has been taken 76 times
  • The average score is 5 of 5
Answer Stats
Colour % Correct
Red
100%
Blue
98%
Yellow
98%
Black
95%
White
93%
No matching quizzes found
Score Distribution
Percent of People with Each Score
Percentile by Number Answered
Your Score History
You have not taken this quiz